Múzeum ako fenomén cestovného ruchu
Pohľad na múzeum ako inštitúciu sa vo veľkej miere prejavuje pri posudzovaní možností jeho využívania v kultúrnom cestovnom ruchu. Poslanie múzeí. Múzejná komunikácia. Štruktúra múzeí a ich návštevnosť na Slovensku. Múzeá a cestovný ruch.
Enregistré dans:
| Auteur principal: | |
|---|---|
| Format: | Chapitre de livre |
| Langue: | slovaque |
| Sujets: | |
| Tags: |
Pas de tags, Soyez le premier à ajouter un tag!
|
MARC
| LEADER | 00000naa a2200000 4500 | ||
|---|---|---|---|
| 001 | r043089 | ||
| 005 | 20230724110513.2 | ||
| 041 | 0 | |a slo | |
| 044 | |a SK | ||
| 245 | 1 | 0 | |a Múzeum ako fenomén cestovného ruchu |c Gabriela Podušelová |
| 520 | |a Pohľad na múzeum ako inštitúciu sa vo veľkej miere prejavuje pri posudzovaní možností jeho využívania v kultúrnom cestovnom ruchu. Poslanie múzeí. Múzejná komunikácia. Štruktúra múzeí a ich návštevnosť na Slovensku. Múzeá a cestovný ruch. | ||
| 610 | 2 | 0 | |a ruch cestovný kultúrny |
| 610 | 2 | 0 | |a múzeá |
| 610 | 2 | 0 | |a komunikácia |
| 610 | 2 | 0 | |a produkty |
| 610 | 2 | 0 | |a Slovensko |
| 610 | 2 | 0 | |a informácie |
| 610 | 2 | 0 | |a propagácia |
| 610 | 2 | 0 | |a kancelárie turistické informačné |
| 610 | 2 | 0 | |a kancelárie cestovné |
| 100 | 1 | |a Podušelová, Gabriela | |